| 000 | 01229nam a2200229Ia 4500 | ||
|---|---|---|---|
| 003 | Ost | ||
| 005 | 20260507075036.0 | ||
| 008 | 260507s9999||||xx |||||||||||||| ||und|| | ||
| 020 | _ax725902977 | ||
| 040 | _cfsecg | ||
| 041 | _aara | ||
| 082 | _a330 | ||
| 100 |
_aأبو علفة، عصام الدين أمين _eمؤلف |
||
| 245 | 0 |
_aالتسويق : _bالمفاهيم-الإستراتيجيات النظرية والتطبيق(أساسي) / _c عصام الدين أمين أبو علفة |
|
| 260 |
_aالاسكندرية: _bمؤسسة حورس الدولية للنشر والتوزيع, _c2002 |
||
| 300 |
_a535 صفحة؛ _bإيضاحات ؛ _c24 سم |
||
| 520 | _aالتسويق-سلوك المستهلك-التخطيط الاستراتيجي للتسويق-معلومات وبحوث التسويق-تقسيم وتجزئة السوق:المفاهيم والاستراتيجيات-المنتجات:المفاهيم والاستراتيجيات-التسعير-التوزيع-الترويج-استراتيجيات المنافسة-الرقابة التسويقية-تسويق الخدمات | ||
| 653 | _aالتسويق | ||
| 653 | _aالمنافسة | ||
| 653 | _aسلوك المستهلك | ||
| 942 | _cكتاب | ||
| 999 |
_c42456 _d42456 |
||